000 00302nam a22001337a 4500
008 170623b xxu||||| |||| 00| 0 eng d
020 _a9781855670815
041 _aeng
080 _a32
100 _a21
101 _aSHP
245 _aTHE ROAD TO THE POST-COMMUNISM
_cHOSKING, CH.A
942 _2udc
_cBK
999 _c18895
_d18895